General chemistry. (8th ed.) (Record no. 75830)
[ view plain ]
| 000 -LEADER | |
|---|---|
| fixed length control field | 00875nam a2200217 a 4500 |
| 008 - FIXED-LENGTH DATA ELEMENTS--GENERAL INFORMATION | |
| fixed length control field | 071204s2007 ||||||||||||||||| || u |
| 020 ## - INTERNATIONAL STANDARD BOOK NUMBER | |
| International Standard Book Number | 1397806187 |
| 020 ## - INTERNATIONAL STANDARD BOOK NUMBER | |
| International Standard Book Number | 38793 |
| 050 ## - LIBRARY OF CONGRESS CALL NUMBER | |
| Classification number | QD 31.2 Ebb |
| 100 ## - MAIN ENTRY--PERSONAL NAME | |
| Personal name | Ebbing, Darrell D |
| 245 10 - TITLE STATEMENT | |
| Title | General chemistry. (8th ed.) |
| Statement of responsibility, etc. | Darrell D. Ebbing; Steven D. Gammon |
| 250 ## - EDITION STATEMENT | |
| Edition statement | 8th ed. |
| 260 ## - PUBLICATION, DISTRIBUTION, ETC. | |
| Place of publication, distribution, etc. | New York : |
| Name of publisher, distributor, etc. | Houghton Mifflin Co |
| Date of publication, distribution, etc. | 2007 |
| 300 ## - PHYSICAL DESCRIPTION | |
| Extent | xli, 1062 [various pagings] p.: ill. |
| 350 ## - | |
| -- | 0.00 |
| 500 ## - GENERAL NOTE | |
| General note | Includes index. |
| 650 #0 - SUBJECT ADDED ENTRY--TOPICAL TERM | |
| Topical term or geographic name entry element | CHEMISTRY--HANDBOOKS, MANUALS, ETC |
| 700 ## - ADDED ENTRY--PERSONAL NAME | |
| Personal name | Gammon, Steven D |
| 995 ## - | |
| -- | SHORT LOAN BOOKS |
| -- | 0.00 |
| -- | 738205 |
| -- | CBU-MAIN LIBRARY (Kitwe) |
| -- | 1 |
| -- | 0.00 |
| -- | QD 31.2 Ebb |
| -- | 1 |
| -- | AVAILABLE |
| -- | Dec 4, 2007 |
| -- | 738205 |
| -- | Short Loan Collection |
| 995 ## - | |
| -- | SHORT LOAN BOOKS |
| -- | 0.00 |
| -- | 738206 |
| -- | CBU-MAIN LIBRARY (Kitwe) |
| -- | 1 |
| -- | 0.00 |
| -- | QD 31.2 Ebb |
| -- | 2 |
| -- | AVAILABLE |
| -- | Dec 4, 2007 |
| -- | 738206 |
| -- | Short Loan Collection |
| 999 ## - | |
| -- | 75830 |
| -- | 75830 |
| Withdrawn status | Lost status | Source of classification or shelving scheme | Damaged status | Not for loan | Permanent Location | Current Location | Shelving location | Date acquired | Total Checkouts | Full call number | Barcode | Date last seen | Copy number | Price effective from | Koha item type |
|---|---|---|---|---|---|---|---|---|---|---|---|---|---|---|---|
| CBU-MAIN LIBRARY, KITWE. | CBU-MAIN LIBRARY, KITWE. | 04/25/2023 | QD 31.2 Ebb | 738205 | 04/25/2023 | 1 | 04/25/2023 | SHORT LOAN COLLECTION | |||||||
| CBU-MAIN LIBRARY, KITWE. | CBU-MAIN LIBRARY, KITWE. | 04/25/2023 | QD 31.2 Ebb | 738206 | 04/25/2023 | 2 | 04/25/2023 | SHORT LOAN COLLECTION |